Introduction to chemistry
Salvato in:
| Autore principale: | |
|---|---|
| Natura: | Libro |
| Lingua: | Undetermined |
| Pubblicazione: |
New York
John Wiley & Sons, Inc
2000
|
| Soggetti: | |
| Tags: |
Aggiungi Tag
Nessun Tag, puoi essere il primo ad aggiungerne! !
|
| Thư viện lưu trữ: | Trung tâm Học liệu Trường Đại học Cần Thơ |
|---|
| LEADER | 00509nam a2200193Ia 4500 | ||
|---|---|---|---|
| 001 | CTU_109628 | ||
| 008 | 210402s9999 xx 000 0 und d | ||
| 082 | |a 540.073 | ||
| 082 | |b D554 | ||
| 100 | |a Dickson, T. R. | ||
| 245 | 0 | |a Introduction to chemistry | |
| 245 | 0 | |c T.R. Dickson | |
| 260 | |a New York | ||
| 260 | |b John Wiley & Sons, Inc | ||
| 260 | |c 2000 | ||
| 650 | |a Chemistry | ||
| 650 | |x Study and teaching | ||
| 904 | |i Năm, Q. Hieu | ||
| 980 | |a Trung tâm Học liệu Trường Đại học Cần Thơ | ||